|
|
|
|
| LEADER |
00879nab a2200253 i 4500 |
| 001 |
publ28230 |
| 005 |
20230913115035.0 |
| 008 |
230913s2023 hu o 0|| Magyar d |
| 022 |
|
|
|a 2060-0623
|
| 024 |
7 |
|
|a 10.21030/anyp.2023.1.1
|2 doi
|
| 024 |
7 |
|
|a 34088559
|2 mtmt
|
| 040 |
|
|
|a SZTE Publicatio Repozitórium
|b hun
|
| 041 |
|
|
|a Magyar
|
| 100 |
1 |
|
|a Tary Blanka
|
| 245 |
1 |
0 |
|a Javaslatok a szövegértés tantárgyakba ágyazott fejlesztéséhez – az olvasási stratégiák tanítása II.
|h [elektronikus dokumentum] /
|c Tary Blanka
|
| 260 |
|
|
|c 2023
|
| 300 |
|
|
|a 22
|
| 490 |
0 |
|
|a ANYANYELV-PEDAGÓGIA
|v 16 No. 1
|
| 650 |
|
4 |
|a Oktatástudomány
|
| 700 |
0 |
1 |
|a Fejes József Balázs
|e aut
|
| 700 |
0 |
1 |
|a Hódi Ágnes
|e aut
|
| 700 |
0 |
1 |
|a Szenczi Beáta
|e aut
|
| 700 |
0 |
1 |
|a Vígh Tibor
|e aut
|
| 856 |
4 |
0 |
|u http://publicatio.bibl.u-szeged.hu/28230/1/Anyp_XVI_2023_1_1.pdf
|z Dokumentum-elérés
|